| 000 | 00537nam a2200241Ia 4500 | ||
|---|---|---|---|
| 008 | 210210b xxu||||| |||| 00| 0 eng d | ||
| 041 | _aeng | ||
| 082 | _a829/1019 | ||
| 100 | _aSTANDISH | ||
| 245 | _aHumour and satire in three select short stories | ||
| 260 |
_aMadras _bNot Mentioned _c |
||
| 650 | _athree | ||
| 650 | _astories | ||
| 650 | _ashort | ||
| 650 | _aselect | ||
| 650 | _asatire | ||
| 650 | _ain | ||
| 650 | _aHumour | ||
| 650 | _aand | ||
| 690 | _aEnglish Fiction | ||
| 700 | _aBIRMINGHAM | ||
| 906 | _a017634 | ||
| 999 |
_c137618 _d137618 |
||